La ceguera : historia de una imagen mental /

Moshe Barasch, historiador del arte, busca en este libro analizar las maneras en las que la cultura occidental ha imaginado, a lo largo de los siglos, a los ciegos. Su análisis cubre desde la Antigüedad hasta el siglo XVIII, así como la tradición clásica y biblica que están debajo de la mayoría de l...

Deskribapen osoa

Gorde:
Xehetasun bibliografikoak
Egile nagusia: Barasch, Moshe (autor)
Formatua: Liburua
Hizkuntza:gaztelania
Argitaratua: Madrid, España : Cátedra, 2003, c2003
Saila:(Ensayos Arte)
Gaiak:
Etiketak: Etiketa erantsi
Etiketarik gabe, Izan zaitez lehena erregistro honi etiketa jartzen!

MARC

LEADER 00000nam^a2200000^a^4500
001 000153414
005 20250521000000.0
009 20260310100319.257
020 |a 84-376-2069-4 
037 |a Acervo ITESO - Biblioteca 
041 |a ESP 
082 |a 704. 08161  |b BAR 
100 |a Barasch, Moshe  |e (autor) 
245 1 3 |a La ceguera :  |b historia de una imagen mental /  |c M. Barasch. 
264 4 |a Madrid, España :  |b Cátedra,  |c 2003, c2003 
300 |a 220 p. 
336 |a texto  |b txt  |2 rdacontenido 
337 |a sin mediación  |b n  |2 rdamedio 
338 |a volumen  |b nc  |2 rdasoporte 
440 1 |a (Ensayos Arte) 
500 |a Traducción de: Blindness. The History of a Mental Image in Western Thought 
520 |a Moshe Barasch, historiador del arte, busca en este libro analizar las maneras en las que la cultura occidental ha imaginado, a lo largo de los siglos, a los ciegos. Su análisis cubre desde la Antigüedad hasta el siglo XVIII, así como la tradición clásica y biblica que están debajo de la mayoría de las representaciones artísticas de entonces, en particular en la pintura. Con este estudio, el autor pone en evidencia la idea de la falta de visión ha sido relevante en la historia de la cultura visual occidental. 
649 |a XX 
650 |a Museos y Capacidades Diferentes -  |x Tema Principal 
650 |a Museos y Educación 
650 |a Ciegos -  |x Tema Principal 
650 |a Ciegos -  |x Condiciones Sociales y Culturales 
650 |a Ceguera -  |x Tema Principal 
650 |a Ceguera -  |x Aspectos Sociales y Culturales 
650 |a Ceguera -  |x Filosofía 
650 |a Ceguera en el Arte -  |x Tema Principal 
650 |a Representación Social 
650 |a Percepción Social 
650 |a Recepción y Apreciación del Arte 
650 |a Pintura -  |x Historia y Crítica 
650 |a Arte -  |x Historia y Crítica 
650 |a Arte y Simbolismo -  |x Historia y Crítica 
650 |a Museología 
650 |a Arte y Sociedad -  |x Historia y Crítica 
910 |a Fondo General 
920 |a Impresos - Libros 
930 |a Colección General 
905 |a 101 
901 |a 0500082141  |b IT1  |c ACC  |u 20250521 
902 |a https://opac.biblio.iteso.mx/vufind/Record/000153414